CHANGE MANAGEMENT (Record no. 33692)
[ view plain ]
| 000 -LEADER | |
|---|---|
| fixed length control field | 00236nam a2200109Ia 4500 |
| 008 - FIXED-LENGTH DATA ELEMENTS--GENERAL INFORMATION | |
| fixed length control field | 240625s9999 xx 000 0 und d |
| 041 ## - LANGUAGE CODE | |
| Language code of text/sound track or separate title | eng |
| 100 ## - MAIN ENTRY--PERSONAL NAME | |
| Personal name | TRAIN2SUCCESS |
| 245 ## - TITLE STATEMENT | |
| Title | CHANGE MANAGEMENT |
| 260 ## - PUBLICATION, DISTRIBUTION, ETC. | |
| Date of publication, distribution, etc. | 2007 |
| 365 ## - TRADE PRICE | |
| Currency code | RS |
| Price amount | 20 |
| Withdrawn status | Lost status | Damaged status | Not for loan | Home library | Current library | Date acquired | Cost, normal purchase price | Total Checkouts | Barcode | Date last seen | Copy number | Price effective from | Koha item type |
|---|---|---|---|---|---|---|---|---|---|---|---|---|---|
| IMTN | IMTN | 10/05/2007 | 499.00 | CD711 | 06/25/2024 | 1 | 06/25/2024 | CD |